Motivácia zamestnancov bakalárska práca

Gespeichert in:
Bibliographische Detailangaben
1. Verfasser: Novotná, Zuzana
Körperschaft: Obchodná fakulta EU. Katedra informatiky obchodných firiem
Weitere Verfasser: Škvarčeková, Oľga
Format: Buch
Sprache:Slowakisch
Veröffentlicht: Bratislava 2012
Tags: Tag hinzufügen
Keine Tags, Fügen Sie das erste Tag hinzu!

MARC

LEADER 00000nbm a2200000 4500
001 0154266
005 20161109111831.3
041 0 |a slo 
044 |a SK 
245 1 0 |a Motivácia zamestnancov  |b bakalárska práca  |c Zuzana Novotná ; školiteľ: Oľga Škvarčeková 
264 1 |a Bratislava  |c 2012 
300 |a 49 s. 
100 1 |a Novotná, Zuzana 
700 1 |a Škvarčeková, Oľga 
710 2 |a Obchodná fakulta EU. Katedra informatiky obchodných firiem